000 00606nam a2200181Ia 4500
008 090124s9999 xx 000 0 und d
082 _b130418
100 _aभोळे भास्कर लक्ष्मण
245 _a साहित्य प्रत्यय
250 _a1
260 _c2001
300 _a220
600 _aभोळे भास्कर लक्ष्मण
630 _a साहित्य प्रत्यय
700 _aभोळे भास्कर लक्ष्मण
730 _a साहित्य प्रत्यय
942 _cBOOK
999 _c176507
_d176507